| 000 | 00687nam a22002057a 4500 | ||
|---|---|---|---|
| 999 |
_c190990 _d190990 |
||
| 005 | 20220817104504.0 | ||
| 010 | _aENG-134447 | ||
| 020 |
_a9789354790669 _c600.00 |
||
| 035 | _aEN-117979 | ||
| 037 | _bDBAD/PUB | ||
| 082 | _a658.827 | ||
| 100 | _aGupta, Rajiv | ||
| 245 |
_aBrand Wars _bCombat strategies for India Brands _cby Rajiv Gupta, Anand Limaye: |
||
| 260 |
_anew delhi _bSAGE Publications _c2021 |
||
| 270 |
_aBi/ i-i mohan nagar copereative industerial area mathura road new delhi _bNew Delhi _e11044 |
||
| 300 |
_a262p. _c22cm(p21bk) |
||
| 700 | _aEdited by Kundu, Amitabh | ||
| 700 | _aEdited by Fazli, Arash | ||
| 942 |
_2ddc _cEN _h658.827 _mGUP |
||